000
00266nam a22001097a 4500
008
170117b xxu||||| |||| 00| 0 eng d
020
_a
9780801620522
041
_a
eng
080
_a
618.2
245
_a
EPIDEMIOLOGY IN NURSING PRACTICE
_c
HARKNESS, G.A
942
_2
udc
_c
BK
999
_c
3018
_d
3018